000 00296nam a2200121Ia 4500
005 20251222155150.0
008 251222s9999||||xx |||||||||||||| ||spa||
082 _aSIQ.39
100 _aMIMDES.
245 0 _aPerfil de los casos atendidos a los casos de emerg.
264 _bMimdes
942 _cLIB
999 _c39512
_d39512